| 000 | 00996nam a22002777a 4500 | ||
|---|---|---|---|
| 999 |
_c115403 _d115403 |
||
| 003 | 0 | ||
| 005 | 20190225155149.0 | ||
| 008 | 0 | ||
| 010 | _aB-002877 | ||
| 020 |
_c120.00 _a8185045925 |
||
| 035 | _aB-002877, B-002887, B-002904 | ||
| 037 | _bCen Lib/Ret | ||
| 040 |
_aDPL _bHN _c0 |
||
| 082 |
_aउ _bदुबेच |
||
| 100 |
_aदुबे, चन्द्रशेखर _943083 |
||
| 245 |
_aत्रिगाथा / _cचन्द्रशेखर दुबे |
||
| 246 |
_aTrigatha / _bby Chandrashekhar Dubey |
||
| 260 |
_a दिल्ली _bदिशा प्रकाशन _c2000 |
||
| 270 |
_a138/16, त्रिनगर _b दिल्ली _e110035 |
||
| 300 |
_a136पृ. _c20सेमी(सजिल्द) |
||
| 650 |
_aहिंदी साहित्य _961302 |
||
| 650 |
_aहिंदी उपन्यास _961303 |
||
| 650 |
_aHindi literature _961304 |
||
| 650 |
_aHindi fiction _927248 |
||
| 942 |
_2ddc _cHN _hउ _mदुबेच |
||